Tres ciudades más pobladas en cada comunidad autónoma de España - Estadísticas

Estadísticas generales
  • Esta prueba ha sido intentada 56 veces
  • La puntuación promedio es 46 de 53
Respuestas en el mapa
Las respuestas están codificadas por una escala verde-roja en el mapa de la prueba según el % correcto abajo.
 
Estadísticas de respuestas
Comunidad Autónoma Ciudad Población % Correcto
País Vasco Bilbao 345 235
100%
Ciudad Autónoma Ceuta 83 052
100%
Andalusia Málaga 587 068
100%
Ciudad Autónoma Melilla 85 493
100%
Baleares Palma de Mallorca 430 640
100%
Andalusia Sevilla 684 164
100%
Aragon Zaragoza 683 949
100%
Galicia A Coruña / La Coruña 247 350
98%
Castilla-La Mancha Albacete 173 202
98%
Cataluña Barcelona 1 655 956
98%
Asturias Gijón 268 948
98%
Comunidad de Madrid Madrid 3 340 176
98%
Murcia Murcia 467 501
98%
Asturias Oviedo 217 369
98%
Canarias Santa Cruz de Tenerife 208 906
98%
Cantabria Santander 172 655
98%
Valencia València / Valencia 804 121
98%
Castilla y León Valladolid 297 129
98%
Galicia Vigo 294 910
98%
Valencia Alacant / Alicante 350 598
96%
Extremadura Badajoz 150 716
96%
Extremadura Cáceres 96 195
96%
Andalusia Córdoba 324 418
96%
País Vasco Donostia / San Sebastián 188 136
96%
Baleares Eivissa / Ibiza 51 872
96%
Aragon Huesca 53 938
96%
Canarias Las Palmas de Gran Canaria 380 863
96%
Castilla-La Mancha Toledo 85 818
96%
Murcia Cartagena 218 196
93%
Extremadura Mérida 59 563
93%
Navarre Pamplona / Iruña 206 233
93%
Aragon Teruel 36 155
93%
País Vasco Vitoria-Gasteiz 255 423
93%
Castilla y León Burgos 174 585
91%
La Rioja Logroño 150 206
91%
Castilla y León Salamanca 143 666
91%
Castilla-La Mancha Guadalajara 88 886
89%
Galicia Ourense / Orense 104 187
89%
Valencia Elx / Elche 238 285
87%
Cataluña L'Hospitalet de Llobregat 276 617
87%
Comunidad de Madrid Móstoles 210 592
82%
Asturias Avilés 75 643
80%
Comunidad de Madrid Alcalá de Henares 198 348
73%
Murcia Lorca 97 904
73%
Cataluña Terrassa 225 274
69%
Cantabria Castro Urdiales 33 160
62%
Canarias San Cristóbal de La Laguna 159 576
62%
Cantabria Torrelavega 51 232
62%
Navarre Tudela 37 631
60%
La Rioja Calahorra 25 025
58%
Baleares Calvià 53 496
47%
La Rioja Arnedo 15 157
33%
Navarre Egüés 22 152
22%
No se encontraron pruebas coincidentes
Distribución de puntuación
Porcentaje de gente con cada puntuación
Porcentaje por número respondido
Historial de tus puntuaciones
No has intentado esta prueba.